LEADER 01140nam a2200265 4500 001 000000363381 003 CaOOAMICUS 005 20250625170405.0 008 250625s2023 it a 000 u ita r 020 $a978-88-290-2000-3 040 $aSeMil$bita 245 00$a2: L'età medievale :$bsecoli 8.-15. /$ca cura di Marina Benedetti. 264 1$aRoma :$bCarocci,$c2023. 300 $a477 p. :$bill. ;$c22 cm 490 1 $aQuality paperbacks ;$v682 650 4$aCristianesimo - Storia - Medioevo.$0(OLS)http://semarc/subject/11595 700 1 $aBenedetti, Marina,$d<1964- >.$0(OLS)http://semarc/name/2560 773 0 $tStoria del Cristianesimo.$dRoma : Carocci, 2023.$g2$w()363379 830 0$aQuality paperbacks ;$v682.$0(OLS)http://semarc/title/421161 850 $aSeMil 852 $aSeMil$W1$xVenegono$y1$m3A II 451/2$j258826$B254235$CSeMilBibl$Z2$F254235 $81 996 $6020$a978-88-290-2000-3$9(OLS)http://semarc/number/303517 996 $6245$a2: L'età medievale :$bsecoli 8.-15.$9(OLS)http://semarc/title/454574 996 $6264$aRoma :$bCarocci$9(OLS)http://semarc/publisher/31977 LEADER 01129nam a2200241 i 4500 001 000000126552 003 CaOOAMICUS 005 20060414000000.0 008 060414s1997 it u000 u ita u 013 $a99260 040 $aSeMil$bita 100 1 $aFassa, Raimondo.$0(OLS)http://semarc/name/46399 245 13$aLe prospettive liberal del Paese in Europa :$bFederalismo? Presidenzialismo? Secessionismo? /$cRaimondo Fassa. 260 $aS.l. :$bGruppo dei Liberali Democratici e Riformatori Europei,$cstampa 1997$e(Varese :$fLa Tipografica,$gstampa 1997) 300 $a243 p. ;$c24 cm. 500 $aFondo Card. C.M. Martini. 650 4$aFederalismo - Italia.$0(OLS)http://semarc/subject/18680 850 $aSeMil 852 $aSeMil$W1$xVenegono$y1$m3N IV 428$j80916$B80916$CSeMilBibl$Z2$F110727 $81 941 1 $a4 961 $aOmaggio: Martini Card. Carlo Maria 996 $6245$aLe prospettive liberal del Paese in Europa :$bFederalismo? Presidenzialismo? Secessionismo?$9(OLS)http://semarc/title/186619 996 $6260$aS.l. :$bGruppo dei Liberali Democratici e Riformatori Europei$9(OLS)http://semarc/publisher/46482